000 00461nam a2200109Ia 4500
008 160909s9999 xx 000 0 und d
100 _aMeutcheho, Jean-Paul
245 2 _aA Mixed Methods Analysis of Professionals' Perceptions of the Impact of Sustainable Supply Chain Management on Company Performance
260 _bLawrence Technological University.
_c2016
650 _aMARKETING MANAGEMENT
856 _uhttp://pqdtopen.proquest.com/doc/1771924309.html?FMT=ABS
999 _c304778
_d304778